000 00809nam a2200229Ia 4500
005 20260430150759.0
008 008 250103s9999 xx 000 0 hin d
037 _aTheses
040 _aCRL
040 _bhin
040 _chin
041 _2hin
041 _ahin
084 _qCRL
100 _aजायसवाल, आशीष, ले.
_9868741
245 0 _aसंगीतकार चित्रगुप्त एवं उनकी परम्परा की सृजनात्मकता का योगदान
260 _c2022
300 _a343पृ0
700 _aदिल्ली विश्वविद्यालय. संगीत एवं ललित कला संकाय. संगीत विभाग
942 _cTH
999 _c1850737
_d1850737